书目信息 |
| 题名: |
建筑透视阴影习题集
|
|
| 作者: | 彭明霞 主编 | |
| 分册: | ||
| 出版信息: | 长沙 湖南大学出版社 1996.10 |
|
| 页数: | 131页 | |
| 开本: | 8开 | |
| 丛书名: | ||
| 单 册: | ||
| 中图分类: | TU204 , TU204-44 | |
| 科图分类: | ||
| 主题词: | 建筑设计 | |
| 电子资源: | ||
| ISBN: | 7-81053-054-2 | |
| 000 | 00585nam0 2200205 45 | |
| 001 | 0102201040 | |
| 005 | 20120408151810.39 | |
| 010 | @a7-81053-054-2@d19.50元 | |
| 100 | @a20010220d1996 km y0chiy0120 ea | |
| 101 | 0 | @achi |
| 200 | 1 | @a建筑透视阴影习题集@AJian Zhu Tou Shi Yin Ying Xi Ti Ji@f彭明霞主编@FPeng Ming Xia Zhu Bian |
| 205 | @a2版 | |
| 210 | @a长沙@c湖南大学出版社@d1996.10 | |
| 215 | @a131页@d8开 | |
| 606 | 0 | @a建筑设计 |
| 690 | @aTU204@v3 | |
| 690 | @aTU204-44@v4 | |
| 701 | 0 | @a彭明霞@4主编 |
| 801 | @aCN@bPftUser@c20050701 | |
| 905 | @b322762-764@dTU204-44@eP5271=2@f3 | |
| 建筑透视阴影习题集/彭明霞主编.-2版.-长沙:湖南大学出版社,1996.10 |
| 131页;8开 |
| ISBN 7-81053-054-2:19.50元 |
| ● |
| 相关链接 |
|
|
|
正题名:建筑透视阴影习题集
索取号:TU204-44/P5271=2
 
预约/预借
| 序号 | 登录号 | 条形码 | 馆藏地/架位号 | 状态 | 备注 |
| 1 | 322762 | 203227622 | 建筑库101/101建筑库 108排7列4层/ [索取号:TU204-44/P5271=2] | 在馆 | |
| 2 | 322763 | 203227631 | 建筑库101/101建筑库 108排7列4层/ [索取号:TU204-44/P5271=2] | 在馆 | |
| 3 | 322764 | 203227640 | 建筑库101/101建筑库 110排6列2层/ [索取号:TU204-44/P5271=2] | 在馆 | |
| 4 | 486038 | 204860383 | 土木与交通工程学院资料室/ [索取号:TU204-44/P5271=2] | 在馆 | |
| 5 | 538108 | 205381086 | 期刊室512/101建筑库 110排6列5层/ [索取号:TU204-44/P5271=2] | 在馆 | |
| 6 | 538109 | 205381095 | 期刊室512/101建筑库 110排6列5层/ [索取号:TU204-44/P5271=2] | 在馆 | |
| 7 | 538110 | 205381102 | 建筑库101/101建筑库 110排6列2层/ [索取号:TU204-44/P5271=2] | 在馆 |